000 00675nam a2200277Ia 4500
001 Z_1292
003 CHAP
008 220113s1992 xx 000 0 und d
010 _a164380
020 _a84-7114-360-7
040 _cCHAP
082 _a636.0824 S3y
100 _aSauveur, Bernard
_9102769
245 _aReproducción de las aves /
_cpor Bernard Sauveur
260 _aMadrid :
_bMundi-Prensa,
_c1992
300 _a350 p. :
_bilus
503 _a162801
650 _aAves de corral
_xReproducción
_98680
650 _aAves
_xReproducción
_98624
901 _a636.0824 S3Y
902 _aM
910 _a1992
942 _c1
942 _cc1
999 _c164380
_d164380